00741nam a22002057a 450000500170000001000150001702000260003203500140005803700090007208200100008110000290009124500410012026000660016127000600022730000280028770000370031594200240035299900190037695201400039520240521153152.0 aENG-140432 a9789392038204c825.00 aEN-123964 bDBAD a930.1 aChilde, V. Gordon966657 aThe Bronze Age/cby V. Gordon Childe aAssambEBH Publishers, an imprint of Eastern Book Housec2022 a136, M.L. Nehru Road, Panbazar, GuwahatibAssame781001 axii, 258 p.c23cm, (pb} aChilde, V. Gordon966297eAuthor 2ddccENh930.1mCHI c203118d203118 001040708NFICaBNbBNd2024-05-21eDBADg825.00l1o930.1 CHIpEN-123964r2026-01-19 00:00:00s2026-01-03t1v825.00w2024-05-21yEN